00680 2200217 4500001002100000005001500021035002000036008004100056245008000097100002300177250001400200260003900214300004800253020002200301084001800323082001200341650003400353990002500387990002500412990002500437INLIS00000000002594620230814091424 a0010-0823000404230814 g 0 ind 1 aBig Heart /cKartika Susilowati ; pemeriksa aksara, Tim Stiletto Indie Book aKartika Susilowati aCetakan 1 aYogyakarta :bStiletto Book,c2021 avii, 174 halaman :bilustrasi foto ;c19 cm a978-623-6212-41-7 a808.883 KAR b a808.883 4aKisah nyata, Kisah inspiratif a2852/B/DINARPUS/2023 a2850/B/DINARPUS/2023 a2851/B/DINARPUS/2023